[Event "Polonia Wroclaw Masters Cup-IM"]
[Site "Wroclaw"]
[Date "2019.05.01"]
[Round "5.2"]
[White "Baum, Jonasz"]
[Black "Frolov, Artur"]
[Result "1/2-1/2"]
[WhiteElo "2290"]
[BlackElo "2440"]
[Annotator "TA"]
[PlyCount "99"]
[EventDate "2019.04.28"]
[EventType "tourn"]
[EventCountry "POL"]
[SourceTitle "playchess.com"]
[Source "ChessBase"]
[SourceQuality "1"]

{[%evp 10,99,102,92,111,93,85,88,96,91,108,106,137,89,98,79,79,70,86,62,78,16,65,15,9,2,0,-3,-4,-4,0,-35,-35,-32,-18,-28,-28,-28,-28,-28,-28,-37,-8,-22,0,0,0,-153,-164,-175,-179,-188,-195,-203,-196,-184,-174,-160,-116,-134,-126,-253,-259,-272,-260,-244,-89,-529,-467,-1057,-134,-57,0,50,81,81,81,0,0,0,0,0,0,0,0,0,0,0,0,0,0,0]} 1. d4 Nf6 2. c4 c5 3. d5 e5 4. Nc3 d6 5. e4 g6 6. Bd3 h5 {A56: Czech Benoni} (6... Bg7 7. Nge2 O-O 8. Ng3 a6 9. O-O Nbd7 10. a3 h5 11. Bg5 Qe8 12. Qd2 Nh7 13. Be3 h4 14. Nh1 f5 15. exf5 gxf5 16. f4 e4 17. Be2 Qg6 {1-0 (40) Tregubov,P (2628)-Vorobiov,E (2621) Rijeka 2010}) 7. Nge2 (7. a3 {with more complications.} Nh7 8. Nf3 Bg7 9. h3 O-O 10. Bc2) 7... Bh6 8. Bxh6 Rxh6 {White is better.} 9. Qd2 Rh7 $146 ({Predecessor:} 9... Rh8 10. O-O-O a6 11. Kb1 Qe7 12. Rdf1 Nbd7 13. g3 b6 14. Bc2 {1-0 (38) Stohl,I (2525)-Robatsch,K (2395) Austria 1996}) 10. O-O-O h4 11. f3 a6 12. Rde1 Nbd7 13. g4 Kf8 14. b3 Ne8 15. Rhf1 (15. g5 $16) 15... Kg8 $11 16. Ng1 g5 17. Nh3 f6 18. Nf2 Nf8 {[%cal Bd7f8,Bf8g6,Bg6f4][%mdl 32]} 19. Nfd1 Ng6 20. Rf2 Rb8 21. Ne3 b6 22. Nf5 Rhb7 23. a4 Nc7 24. Qe3 Nf4 25. Bf1 Kh7 (25... b5 {looks sharper.} 26. cxb5 Qf8 27. Rb2 Bd7 28. b6 Rxb6 29. Bc4 Rb4) 26. Rb2 Bxf5 27. gxf5 Qe8 28. h3 $2 {[#]} ({White should play} 28. Rd2 $11) 28... b5 $1 $17 {[%mdl 512]} 29. cxb5 (29. axb5 axb5) 29... axb5 30. Nxb5 Nxb5 31. Bxb5 Rxb5 32. axb5 Qxb5 33. Rd1 Nxh3 34. Qd3 Qa5 $1 {[%mdl 1024] Black has strong compensation.} 35. Qd2 (35. Kc2 $17) 35... Qa3 36. Qc2 Nf4 37. Kd2 {[#]} h3 $2 (37... c4 $1 $19 {[%cal Rb8b3][%mdl 512]} 38. Ra2 (38. bxc4 Rxb2) 38... c3+ $1 {[%mdl 512]} 39. Ke1 Qc5) 38. Ke1 $2 {[%mdl 8192] [#]} (38. Ra2 $17 {nothing else works.} Qb4+ 39. Kc1) 38... c4 $1 $19 {[%mdl 512]} 39. Kf2 (39. Ra2 $142 Ng2+ 40. Kf2 Qc5+ 41. Kg3) (39. bxc4 Rxb2) 39... Qc5+ $2 (39... Rxb3 $19 40. Rxb3 cxb3) 40. Kg3 $17 Qe3 (40... c3 $15 41. Ra2 Rc8) 41. Qd2 $14 Qb6 ({Don't go for} 41... Rxb3 $2 42. Qxe3 Rxe3 43. Ra1 $18) 42. Rdb1 cxb3 {[#]} 43. Rxb3 (43. Qf2 $1 $16 {[%cal Rf2b6] Qxb6 is the strong threat.} Qc7 44. Rxb3 Rxb3 45. Rxb3) 43... Qxb3 $11 {The position is equal.} 44. Rxb3 Rxb3 $16 {[%mdl 4096] Endgame KQ-KRN} 45. Qa2 Rb7 46. Qa3 Rb1 {( -> ...Rg1+)} 47. Qxd6 Rb2 {[%csl Gf4,Gh3][%cal Rb2g2]} 48. Qe7+ Kg8 {[%csl Gf4,Gh3][%cal Rb2g2]} 49. Qe8+ Kg7 {[%csl Gf4,Gh3][%cal Rb2g2]} 50. Qe7+ {Accuracy: White = 34%, Black = 64%.} 1/2-1/2

[Event "Polonia Wroclaw Masters Cup-IM"]
[Site "Wroclaw"]
[Date "2019.05.01"]
[Round "5.3"]
[White "Mahitosh Dey"]
[Black "Czopor, Maciej"]
[Result "1/2-1/2"]
[WhiteElo "2187"]
[BlackElo "2229"]
[Annotator "NA"]
[PlyCount "165"]
[EventDate "2019.04.28"]
[EventType "tourn"]
[EventCountry "POL"]
[SourceTitle "playchess.com"]
[Source "ChessBase"]
[SourceQuality "1"]
[TimeControl "40/5400+30:900+30"]

1. e4 {[%emt 0:00:28]} c5 {[%emt 0:00:00]} 2. Nf3 {[%emt 0:00:04]} e6 {[%emt 0:00:00]} 3. d4 {[%emt 0:00:04]} cxd4 {[%emt 0:00:00]} 4. Nxd4 {[%emt 0:00:04]} Nf6 {[%emt 0:00:04]} 5. Nc3 {[%emt 0:00:04]} d6 {[%emt 0:00:03]} 6. Be3 {[%emt 0:00:11]} a6 {[%emt 0:00:47]} 7. Be2 {[%emt 0:00:17]} Be7 {[%emt 0:00:40]} 8. O-O {[%emt 0:00:09]} O-O {[%emt 0:00:24]} 9. Nb3 {[%emt 0:00:04]} Qc7 {[%emt 0:10:29]} 10. f4 {[%emt 0:00:35]} b5 {[%emt 0:02:06]} 11. Bf3 {[%emt 0:04:54]} Bb7 {[%emt 0:00:57]} 12. Nd2 {[%emt 0:06:16]} Nbd7 {[%emt 0:04:11]} 13. g4 {[%emt 0:02:12]} Nb6 {[%emt 0:01:41]} 14. g5 {[%emt 0:00:34]} Nfd7 {[%emt 0:00:08]} 15. Ne2 {[%emt 0:00:45]} Rac8 {[%emt 0:01:08]} 16. c3 {[%emt 0:00:08]} Rfe8 {[%emt 0:01:02]} 17. h4 {[%emt 0:00:50]} Bf8 {[%emt 0:08:36]} 18. Qe1 {[%emt 0:00:43]} Nc4 {[%emt 0:11:26]} 19. Nxc4 {[%emt 0:00:13]} Qxc4 {[%emt 0:01:45]} 20. Ng3 {[%emt 0:00:15]} a5 {[%emt 0:05:33]} 21. h5 {[%emt 0:01:21]} d5 {[%emt 0:08:35]} 22. e5 {[%emt 0:01:01]} b4 {[%emt 0:00:34]} 23. Be2 {[%emt 0:00:52]} Qc6 {[%emt 0:00:29]} 24. Rc1 {[%emt 0:01:29]} bxc3 {[%emt 0:06:57]} 25. Rxc3 {[%emt 0:00:59]} Qa4 {[%emt 0:00:07]} 26. a3 {[%emt 0:03:06]} Rxc3 {[%emt 0:02:53]} 27. Qxc3 {[%emt 0:00:05]} Rc8 {[%emt 0:00:22]} 28. Qd2 {[%emt 0:02:46]} Rc2 {[%emt 0:04:52]} 29. Bd1 {[%emt 0:00:37]} Rxd2 {[%emt 0:00:27]} 30. Bxa4 {[%emt 0:00:04]} Rd3 {[%emt 0:00:24]} 31. Bf2 {[%emt 0:03:04]} Nc5 {[%emt 0:00:38]} 32. Bc2 {[%emt 0:00:21]} Rd2 {[%emt 0:00:52]} 33. Rc1 {[%emt 0:00:34]} Nd3 {[%emt 0:03:09]} 34. Bxd3 {[%emt 0:01:20]} Rxd3 {[%emt 0:00:09]} 35. Rc7 {[%emt 0:00:50]} Rb3 {[%emt 0:01:25]} 36. Rd7 {[%emt 0:00:12]} Rxb2 {[%emt 0:03:02]} 37. Rd8 {[%emt 0:00:03]} Rc2 {[%emt 0:01:18]} 38. Rb8 {[%emt 0:02:48]} Ba6 {[%emt 0:04:40]} 39. Ra8 {[%emt 0:00:14]} Bd3 {[%emt 0:00:39]} 40. Be1 {[%emt 0:00:00]} Rc7 {[%emt 0:00:00]} 41. Bxa5 {[%emt 0:01:16]} Ra7 {[%emt 0:06:59]} 42. Rxa7 {[%emt 0:00:43]} Bc5+ {[%emt 0:00:06]} 43. Kg2 {[%emt 0:00:06]} Bxa7 {[%emt 0:00:05]} 44. Bd2 {[%emt 0:00:12]} f6 {[%emt 0:00:58]} 45. gxf6 {[%emt 0:00:20]} gxf6 {[%emt 0:00:08]} 46. exf6 {[%emt 0:00:16]} Bb5 {[%emt 0:01:47]} 47. Bc3 {[%emt 0:02:22]} d4 {[%emt 0:01:12]} 48. Bb4 {[%emt 0:01:33]} Bc6+ {[%emt 0:00:31]} 49. Kf2 {[%emt 0:01:15]} Kf7 {[%emt 0:00:57]} 50. Ke2 {[%emt 0:00:14]} Bb5+ {[%emt 0:03:56]} 51. Kf3 {[%emt 0:00:26]} d3 {[%emt 0:00:48]} 52. Ne4 {[%emt 0:01:52]} Bc6 {[%emt 0:00:13]} 53. Ba5 {[%emt 0:00:09]} Bc5 {[%emt 0:01:18]} 54. Bc3 {[%emt 0:00:09]} Bxa3 {[%emt 0:02:17]} 55. Ke3 {[%emt 0:00:04]} Bxe4 {[%emt 0:03:26]} 56. Kxe4 {[%emt 0:00:11]} Bc1 {[%emt 0:00:24]} 57. Kxd3 {[%emt 0:00:16]} Bxf4 {[%emt 0:00:01]} 58. Ke4 {[%emt 0:00:12]} Bg5 {[%emt 0:00:06]} 59. Be5 {[%emt 0:02:29]} Bxf6 {[%emt 0:00:07]} 60. Bf4 {[%emt 0:00:02]} Bb2 {[%emt 0:00:34]} 61. Bg5 {[%emt 0:00:44]} Bc3 {[%emt 0:00:16]} 62. Bf4 {[%emt 0:00:31]} Kf6 {[%emt 0:00:09]} 63. Be3 {[%emt 0:00:06]} Be5 {[%emt 0:00:41]} 64. Bd2 {[%emt 0:00:07]} Bg3 {[%emt 0:00:22]} 65. Bc1 {[%emt 0:00:37]} Bh4 {[%emt 0:03:02]} 66. Bd2 {[%emt 0:00:00]} Bg5 {[%emt 0:00:30]} 67. Bc3+ {[%emt 0:00:00]} Ke7 {[%emt 0:00:10]} 68. Bb4+ {[%emt 0:00:19]} Kf7 {[%emt 0:00:06]} 69. Bc3 {[%emt 0:00:01]} Bf6 {[%emt 0:00:27]} 70. Bd2 {[%emt 0:00:04]} Ke7 {[%emt 0:00:05]} 71. Bf4 {[%emt 0:00:22]} Bh4 {[%emt 0:00:29]} 72. Be5 {[%emt 0:00:12]} Kf7 {[%emt 0:00:43]} 73. Bc3 {[%emt 0:00:08]} Bg3 {[%emt 0:01:04]} 74. Bb2 {[%emt 0:00:09]} Ke7 {[%emt 0:00:24]} 75. Bc3 {[%emt 0:00:07]} Bd6 {[%emt 0:01:04]} 76. Bb2 {[%emt 0:00:24]} Bc5 {[%emt 0:00:15]} 77. Be5 {[%emt 0:00:09]} Bf2 {[%emt 0:00:29]} 78. Bc3 {[%emt 0:00:11]} Bh4 {[%emt 0:00:03]} 79. Bd4 {[%emt 0:00:09]} Bf6 {[%emt 0:00:04]} 80. Be3 {[%emt 0:00:10]} Bb2 {[%emt 0:00:22]} 81. Bg5+ {[%emt 0:00:55]} Kd6 {[%emt 0:00:07]} 82. Bf4+ {[%emt 0:00:07]} e5 {[%emt 0:00:05]} 83. Bxe5+ {[%emt 0:00:09] Kxe5+} 1/2-1/2

[Event "Polonia Wroclaw Masters Cup-IM"]
[Site "Wroclaw"]
[Date "2019.05.01"]
[Round "5.4"]
[White "Fiedorek, Michal"]
[Black "Martynyuk, Elizaveta"]
[Result "1/2-1/2"]
[WhiteElo "2075"]
[BlackElo "2141"]
[Annotator "NA"]
[PlyCount "136"]
[EventDate "2019.04.28"]
[EventType "tourn"]
[EventCountry "POL"]
[SourceTitle "playchess.com"]
[Source "ChessBase"]
[SourceQuality "1"]
[TimeControl "40/5400+30:900+30"]

1. e4 {[%emt 0:00:00]} c5 {[%emt 0:08:47]} 2. Nf3 {[%emt 0:00:49]} Nc6 {[%emt 0:00:12]} 3. d4 {[%emt 0:00:16]} cxd4 {[%emt 0:00:04]} 4. Nxd4 {[%emt 0:00:11]} g6 {[%emt 0:00:02]} 5. c4 {[%emt 0:00:25]} Nf6 {[%emt 0:00:05]} 6. Nc3 {[%emt 0:00:39]} Nxd4 {[%emt 0:00:04]} 7. Qxd4 {[%emt 0:00:08]} d6 {[%emt 0:00:03]} 8. Be2 {[%emt 0:00:27]} Bg7 {[%emt 0:00:02]} 9. Be3 {[%emt 0:00:15]} O-O {[%emt 0:00:06]} 10. Qd2 {[%emt 0:00:09]} a5 {[%emt 0:00:06]} 11. Rd1 {[%emt 0:01:01]} Be6 {[%emt 0:03:07]} 12. O-O {[%emt 0:00:44]} a4 {[%emt 0:00:05]} 13. Bd4 {[%emt 0:02:03]} Nd7 {[%emt 0:04:05]} 14. Qe3 {[%emt 0:03:07]} Bxd4 {[%emt 0:01:10]} 15. Rxd4 {[%emt 0:00:29]} Qb6 {[%emt 0:03:26]} 16. f4 {[%emt 0:12:40]} Rfc8 {[%emt 0:04:04]} 17. b3 {[%emt 0:04:36]} axb3 {[%emt 0:00:09]} 18. axb3 {[%emt 0:00:08]} Nc5 {[%emt 0:01:59]} 19. Rd2 {[%emt 0:12:50]} Ra3 {[%emt 0:12:20]} 20. f5 {[%emt 0:12:21]} Qxb3 {[%emt 0:00:10]} 21. fxe6 {[%emt 0:15:08]} Qxc3 {[%emt 0:00:06]} 22. exf7+ {[%emt 0:00:25]} Kg7 {[%emt 0:02:34]} 23. Qxc3+ {[%emt 0:00:34]} Rxc3 {[%emt 0:00:07]} 24. e5 {[%emt 0:00:21]} dxe5 {[%emt 0:05:35]} 25. Rd5 {[%emt 0:00:27]} b6 {[%emt 0:01:35]} 26. Rxe5 {[%emt 0:02:43]} Kf8 {[%emt 0:01:14]} 27. h4 {[%emt 0:04:33]} Nd7 {[%emt 0:10:43]} 28. Re6 {[%emt 0:07:21]} Rb8 {[%emt 0:01:02]} 29. h5 {[%emt 0:03:16]} Nf6 {[%emt 0:00:27]} 30. hxg6 {[%emt 0:00:56]} hxg6 {[%emt 0:00:09]} 31. Rb1 {[%emt 0:03:00]} Rc2 {[%emt 0:00:48]} 32. Bd3 {[%emt 0:01:12]} Rc3 {[%emt 0:02:11]} 33. Bxg6 {[%emt 0:01:18]} Rg3 {[%emt 0:01:08]} 34. Bf5 {[%emt 0:01:43]} Rg5 {[%emt 0:02:27]} 35. Bh3 {[%emt 0:03:11]} b5 {[%emt 0:00:10]} 36. Re3 {[%emt 0:03:58]} Kxf7 {[%emt 0:00:44]} 37. Be6+ {[%emt 0:00:41]} Kg7 {[%emt 0:12:35]} 38. Reb3 {[%emt 0:00:20]} b4 {[%emt 0:00:43]} 39. Rxb4 {[%emt 0:00:24]} Rd8 {[%emt 0:00:13]} 40. Rb7 {[%emt 0:00:00]} Nh5 {[%emt 0:00:00]} 41. Bd5 {[%emt 0:06:05]} Re5 {[%emt 0:04:16]} 42. R7b5 {[%emt 0:05:49]} Nf4 {[%emt 0:01:30]} 43. Bf3 {[%emt 0:01:23]} Nd3 {[%emt 0:00:05]} 44. Rd1 {[%emt 0:03:15]} Re3 {[%emt 0:01:08]} 45. Rb3 {[%emt 0:02:44]} Ne5 {[%emt 0:01:59]} 46. Rxe3 {[%emt 0:01:28]} Nxf3+ {[%emt 0:00:15]} 47. gxf3 {[%emt 0:00:36]} Rxd1+ {[%emt 0:00:03]} 48. Kf2 {[%emt 0:00:16]} Kf6 {[%emt 0:00:06]} 49. Ke2 {[%emt 0:00:21]} Rd4 {[%emt 0:03:11]} 50. Re4 {[%emt 0:01:15]} Rd7 {[%emt 0:00:56]} 51. Ke3 {[%emt 0:00:51]} Kf5 {[%emt 0:00:48]} 52. f4 {[%emt 0:01:02]} e6 {[%emt 0:04:45]} 53. Re5+ {[%emt 0:00:23]} Kf6 {[%emt 0:00:04]} 54. c5 {[%emt 0:00:33]} Rd1 {[%emt 0:01:31]} 55. Re4 {[%emt 0:00:34]} Kf5 {[%emt 0:02:25]} 56. Re5+ {[%emt 0:00:27]} Kf6 {[%emt 0:00:04]} 57. Re4 {[%emt 0:00:11]} Kf5 {[%emt 0:00:05]} 58. Re5+ {[%emt 0:00:41]} Kf6 {[%emt 0:00:11]} 59. Ke4 {[%emt 0:00:22]} Ke7 {[%emt 0:00:42]} 60. Rh5 {[%emt 0:00:54]} Kd7 {[%emt 0:00:38]} 61. Rh7+ {[%emt 0:00:29]} Kc6 {[%emt 0:00:04]} 62. Ke5 {[%emt 0:00:29]} Re1+ {[%emt 0:00:16]} 63. Kf6 {[%emt 0:00:04]} Kxc5 {[%emt 0:00:04]} 64. Rd7 {[%emt 0:00:31]} Kc6 {[%emt 0:00:19]} 65. Rd3 {[%emt 0:00:23]} Re4 {[%emt 0:00:34]} 66. Rd2 {[%emt 0:00:31]} Rxf4+ {[%emt 0:00:06]} 67. Kxe6 {[%emt 0:00:05]} Re4+ {[%emt 0:00:06]} 68. Kf5 {[%emt 0:00:10]} Re8 {[%emt 0:00:14] Ke4} 1/2-1/2

[Event "Polonia Wroclaw Masters Cup-IM"]
[Site "Wroclaw"]
[Date "2019.05.01"]
[Round "5.5"]
[White "Praczukowski, Stanislaw"]
[Black "Odnorozhenko, Evgenyi"]
[Result "1/2-1/2"]
[WhiteElo "2190"]
[BlackElo "2275"]
[Annotator "NA"]
[PlyCount "66"]
[EventDate "2019.04.28"]
[EventType "tourn"]
[EventCountry "POL"]
[SourceTitle "playchess.com"]
[Source "ChessBase"]
[SourceQuality "1"]
[TimeControl "40/5400+30:900+30"]

1. d4 {[%emt 0:00:00]} Nf6 2. c4 e6 3. g3 Bb4+ 4. Nd2 O-O 5. Bg2 d5 6. Ngf3 b6 7. O-O Bb7 8. cxd5 exd5 9. a3 Bd6 10. Nh4 Re8 11. Nc4 Bf8 12. Ne5 Nbd7 13. Nhf3 c5 14. Bg5 Nxe5 15. dxe5 h6 16. exf6 hxg5 17. fxg7 Bxg7 18. Qd2 g4 19. Nh4 {[%emt 0:42:13]} Qf6 20. Rab1 Rad8 21. Rfd1 Ba6 22. e3 d4 23. e4 Bc8 {[%emt 0:36:30]} 24. Qc2 {[%emt 0:13:12]} Bh6 {[%emt 0:04:57]} 25. b4 {[%emt 0:02:48]} cxb4 {[%emt 0:15:09]} 26. axb4 {[%emt 0:01:49]} Bg5 {[%emt 0:00:20]} 27. Nf5 {[%emt 0:00:47]} Bxf5 {[%emt 0:00:40]} 28. exf5 {[%emt 0:00:07]} Re5 {[%emt 0:00:23]} 29. Be4 {[%emt 0:00:57]} Bh6 {[%emt 0:02:24]} 30. Bd3 Bf8 31. Qd2 {[%emt 0:07:46]} Bh6 32. Qc2 Bf8 33. Qd2 Bh6 1/2-1/2

[Event "Polonia Wroclaw Masters Cup-IM"]
[Site "Wroclaw"]
[Date "2019.05.02"]
[Round "6.1"]
[White "Krzywda, Andrzej"]
[Black "Odnorozhenko, Evgenyi"]
[Result "1/2-1/2"]
[WhiteElo "2195"]
[BlackElo "2275"]
[Annotator "NA"]
[PlyCount "64"]
[EventDate "2019.04.28"]
[EventType "tourn"]
[EventCountry "POL"]
[SourceTitle "playchess.com"]
[Source "ChessBase"]
[SourceQuality "1"]
[TimeControl "40/5400+30:900+30"]

1. d4 {[%emt 0:00:00]} e6 {[%emt 0:01:55]} 2. c4 {[%emt 0:00:14]} Nf6 {[%emt 0:00:07]} 3. g3 {[%emt 0:01:04]} Bb4+ {[%emt 0:00:12]} 4. Bd2 {[%emt 0:00:46]} Qe7 {[%emt 0:00:08]} 5. Bg2 {[%emt 0:01:24]} Nc6 {[%emt 0:00:14]} 6. Nf3 {[%emt 0:01:57]} Bxd2+ {[%emt 0:00:09]} 7. Nbxd2 {[%emt 0:03:40]} d6 {[%emt 0:00:18]} 8. O-O {[%emt 0:01:21]} a5 {[%emt 0:00:05]} 9. e4 {[%emt 0:05:25]} e5 {[%emt 0:00:20]} 10. d5 {[%emt 0:00:32]} Nb8 {[%emt 0:00:05]} 11. Ne1 {[%emt 0:00:48]} O-O {[%emt 0:00:53]} 12. Nd3 {[%emt 0:00:25]} Na6 {[%emt 0:00:12]} 13. f4 {[%emt 0:02:59]} Nd7 {[%emt 0:00:10]} 14. Qe2 {[%emt 0:11:54]} Nac5 {[%emt 0:01:12]} 15. Rae1 {[%emt 0:01:42]} Nxd3 {[%emt 0:00:33]} 16. Qxd3 {[%emt 0:00:06]} Nc5 {[%emt 0:00:05]} 17. Qe3 {[%emt 0:00:24]} Bd7 {[%emt 0:00:30]} 18. Nf3 {[%emt 0:01:43]} f6 {[%emt 0:01:15]} 19. Rf2 {[%emt 0:07:02]} a4 {[%emt 0:03:44]} 20. f5 {[%emt 0:03:49]} b5 {[%emt 0:03:32]} 21. Bf1 {[%emt 0:01:04]} bxc4 {[%emt 0:00:30]} 22. Bxc4 {[%emt 0:00:26]} Rab8 {[%emt 0:00:22]} 23. g4 {[%emt 0:05:08]} Rb4 {[%emt 0:00:29]} 24. b3 {[%emt 0:06:12]} axb3 {[%emt 0:00:54]} 25. axb3 {[%emt 0:00:08]} Rfb8 {[%emt 0:00:09]} 26. Nd2 {[%emt 0:03:02]} Bb5 {[%emt 0:00:15]} 27. Rg2 {[%emt 0:11:42]} Bxc4 {[%emt 0:00:26]} 28. bxc4 {[%emt 0:00:11]} Nb3 {[%emt 0:00:38]} 29. Nf3 {[%emt 0:02:33]} Nc5 {[%emt 0:00:50]} 30. Nd2 {[%emt 0:03:33]} Nb3 {[%emt 0:00:13]} 31. Nf3 {[%emt 0:00:13]} Nc5 32. Nd2 Rb2 1/2-1/2

[Event "Polonia Wroclaw Masters Cup-IM"]
[Site "Wroclaw"]
[Date "2019.05.02"]
[Round "6.2"]
[White "Martynyuk, Elizaveta"]
[Black "Praczukowski, Stanislaw"]
[Result "0-1"]
[WhiteElo "2141"]
[BlackElo "2190"]
[Annotator "NA"]
[PlyCount "131"]
[EventDate "2019.04.28"]
[EventType "tourn"]
[EventCountry "POL"]
[SourceTitle "playchess.com"]
[Source "ChessBase"]
[SourceQuality "1"]
[TimeControl "40/5400+30:900+30"]

1. e4 {[%emt 0:02:09]} c6 {[%emt 0:00:00]} 2. Nc3 {[%emt 0:00:07]} d5 {[%emt 0:00:00]} 3. Nf3 {[%emt 0:00:20]} Nf6 {[%emt 0:00:51]} 4. e5 {[%emt 0:00:12]} Ne4 {[%emt 0:00:09]} 5. d4 {[%emt 0:00:08]} Qa5 {[%emt 0:00:16]} 6. Bd3 {[%emt 0:01:48]} Bg4 {[%emt 0:00:43]} 7. O-O {[%emt 0:00:38]} Nxc3 {[%emt 0:00:20]} 8. bxc3 {[%emt 0:00:05]} e6 {[%emt 0:00:22]} 9. h3 {[%emt 0:04:55]} Bh5 {[%emt 0:01:04]} 10. g4 {[%emt 0:00:07]} Bg6 {[%emt 0:00:14]} 11. Bg5 {[%emt 0:03:59]} Nd7 {[%emt 0:10:08]} 12. c4 {[%emt 0:02:15]} dxc4 {[%emt 0:08:10]} 13. Bxc4 {[%emt 0:00:20]} h5 {[%emt 0:03:57]} 14. Nh4 {[%emt 0:05:40]} Bh7 {[%emt 0:03:18]} 15. Bd2 {[%emt 0:03:32]} Bb4 {[%emt 0:02:51]} 16. Bxb4 {[%emt 0:00:59]} Qxb4 {[%emt 0:00:12]} 17. Qe2 {[%emt 0:00:16]} Qc3 {[%emt 0:04:37]} 18. Nf5 {[%emt 0:07:57]} exf5 {[%emt 0:09:00]} 19. e6 {[%emt 0:01:45]} O-O-O {[%emt 0:07:20]} 20. exd7+ {[%emt 0:05:22]} Rxd7 {[%emt 0:00:10]} 21. d5 {[%emt 0:01:10]} cxd5 {[%emt 0:01:36]} 22. Bb5 {[%emt 0:00:11]} Rc7 {[%emt 0:05:35]} 23. Rfe1 {[%emt 0:00:23]} Kb8 {[%emt 0:00:22]} 24. gxh5 {[%emt 0:00:29]} Qxh3 {[%emt 0:01:19]} 25. Rad1 {[%emt 0:00:22]} Bg6 {[%emt 0:05:08]} 26. Rd3 {[%emt 0:06:05]} Qxh5 {[%emt 0:04:39]} 27. Qxh5 {[%emt 0:00:07]} Bxh5 {[%emt 0:00:14]} 28. Rh3 {[%emt 0:02:26]} g6 {[%emt 0:01:16]} 29. Bd3 {[%emt 0:00:32]} Rg8 {[%emt 0:08:12]} 30. f3 {[%emt 0:01:16]} a6 {[%emt 0:06:19]} 31. Kf2 {[%emt 0:01:16]} d4 {[%emt 0:01:56]} 32. a4 {[%emt 0:09:28]} Rd8 {[%emt 0:01:08]} 33. Rh4 {[%emt 0:00:34]} Rdd7 {[%emt 0:00:49]} 34. Rb1 {[%emt 0:00:37]} Rd6 {[%emt 0:01:29]} 35. Rb4 {[%emt 0:01:12]} Rcd7 {[%emt 0:00:25]} 36. Kg3 {[%emt 0:01:11]} Kc7 {[%emt 0:00:47]} 37. Rc4+ {[%emt 0:05:55]} Kb6 {[%emt 0:02:35]} 38. Rh1 {[%emt 0:00:43]} f4+ {[%emt 0:02:05]} 39. Kf2 {[%emt 0:01:38]} Re7 {[%emt 0:06:28]} 40. Rh4 {[%emt 0:00:00]} Re3 {[%emt 0:00:00]} 41. Rxf4 {[%emt 0:03:05]} g5 {[%emt 0:03:59]} 42. Rf5 {[%emt 0:03:32]} Bg6 {[%emt 0:01:15]} 43. Rxg5 {[%emt 0:02:02]} Bxd3 {[%emt 0:00:08]} 44. a5+ {[%emt 0:00:03]} Ka7 {[%emt 0:00:12]} 45. cxd3 {[%emt 0:00:05]} Rxd3 {[%emt 0:00:46]} 46. Rc7 {[%emt 0:01:17]} Rf6 {[%emt 0:00:50]} 47. Rd5 {[%emt 0:00:40]} Rfxf3+ {[%emt 0:01:02]} 48. Ke2 {[%emt 0:00:04]} Rfe3+ {[%emt 0:00:31]} 49. Kf2 {[%emt 0:00:07]} Rd2+ {[%emt 0:00:07]} 50. Kf1 {[%emt 0:00:25]} Rc3 {[%emt 0:01:33]} 51. Rdc5 {[%emt 0:01:01]} Rdc2 {[%emt 0:01:04]} 52. Rxc3 {[%emt 0:12:46]} dxc3 {[%emt 0:00:07]} 53. Rxf7 {[%emt 0:00:55]} Ra2 {[%emt 0:00:07]} 54. Rc7 {[%emt 0:00:13]} c2 {[%emt 0:00:06]} 55. Ke1 {[%emt 0:00:04]} Ra1+ {[%emt 0:00:05]} 56. Kd2 {[%emt 0:00:04]} c1=Q+ {[%emt 0:00:52]} 57. Rxc1 {[%emt 0:00:06]} Rxa5 {[%emt 0:00:13]} 58. Rc4 {[%emt 0:00:51]} Kb6 {[%emt 0:00:10]} 59. Rb4+ {[%emt 0:00:36]} Rb5 {[%emt 0:00:05]} 60. Ra4 {[%emt 0:00:14]} Rc5 {[%emt 0:00:07]} 61. Kd3 {[%emt 0:00:04]} a5 {[%emt 0:00:46]} 62. Ra1 {[%emt 0:00:13]} Ka6 {[%emt 0:00:09]} 63. Kd4 {[%emt 0:04:06]} Rc8 {[%emt 0:00:08]} 64. Rh1 {[%emt 0:03:23]} a4 {[%emt 0:00:11]} 65. Kd3 {[%emt 0:00:31]} b5 {[%emt 0:00:08]} 66. Kd4 0-1

[Event "Polonia Wroclaw Masters Cup-IM"]
[Site "Wroclaw"]
[Date "2019.05.02"]
[Round "6.3"]
[White "Czopor, Maciej"]
[Black "Fiedorek, Michal"]
[Result "1/2-1/2"]
[WhiteElo "2229"]
[BlackElo "2075"]
[Annotator "NA"]
[PlyCount "44"]
[EventDate "2019.04.28"]
[EventType "tourn"]
[EventCountry "POL"]
[SourceTitle "playchess.com"]
[Source "ChessBase"]
[SourceQuality "1"]
[TimeControl "40/5400+30:900+30"]

1. e4 {[%emt 0:00:00]} c6 {[%emt 0:00:00]} 2. d4 {[%emt 0:00:00]} d5 {[%emt 0:00:00]} 3. Nc3 {[%emt 0:00:06]} dxe4 {[%emt 0:00:00]} 4. Nxe4 {[%emt 0:00:04]} Bf5 {[%emt 0:00:06]} 5. Ng3 {[%emt 0:00:16]} Bg6 {[%emt 0:00:09]} 6. h4 {[%emt 0:00:33]} h6 {[%emt 0:00:22]} 7. Nf3 {[%emt 0:00:31]} e6 {[%emt 0:00:10]} 8. h5 {[%emt 0:01:13]} Bh7 {[%emt 0:00:23]} 9. Bd3 {[%emt 0:00:25]} Bxd3 {[%emt 0:00:12]} 10. Qxd3 {[%emt 0:00:09]} Nf6 {[%emt 0:01:44]} 11. Bf4 {[%emt 0:01:00]} Bd6 {[%emt 0:01:11]} 12. Be5 {[%emt 0:01:24]} Bxe5 {[%emt 0:01:51]} 13. Nxe5 {[%emt 0:00:14]} Qd5 {[%emt 0:01:08]} 14. c4 {[%emt 0:01:33]} Qa5+ {[%emt 0:01:12]} 15. Qd2 {[%emt 0:00:25]} Qxd2+ {[%emt 0:00:13]} 16. Kxd2 {[%emt 0:00:05]} Nbd7 {[%emt 0:01:02]} 17. Kc3 {[%emt 0:01:04]} c5 {[%emt 0:01:40]} 18. Nxd7 {[%emt 0:01:49]} cxd4+ {[%emt 0:00:08]} 19. Kxd4 {[%emt 0:00:06]} O-O-O {[%emt 0:01:05]} 20. Kc3 {[%emt 0:02:18]} Rxd7 {[%emt 0:01:26]} 21. Rad1 {[%emt 0:00:13]} Rhd8 {[%emt 0:00:12]} 22. Rxd7 {[%emt 0:01:06]} Rxd7 {[%emt 0:00:14]} 1/2-1/2